[Event " HL Men's 64. RUS Chmp. 2011"]
[Site "Taganrog"]
[Date "2011.06.22"]
[Round "7"]
[Board "1"]
[White "Potkin, Vladimir"]
[Black "Kryakvin, Dmitry"]
[Result "1/2-1/2"]
[WhiteElo "2682"]
[BlackElo "2551"]
[PlyCount "102"]
[EventDate "2011.06.15"]
[EventRounds "11"]
[EventCountry "RUS"]

1.d4 Nf6 2.c4 g6 3.Nc3 Bg7 4.g3 O-O 5.Bg2 c5 6.d5 d6 7.Nf3 e6 8.O-O exd5 9.cxd5
a6 10.a4 Nbd7 11.Bf4 Qe7 12.h3 h6 13.e4 g5 14.Be3 g4 15.Nh4 Ne5 16.Nf5 Bxf5
17.exf5 Qd7 18.Qc2 Rae8 19.a5 gxh3 20.Bxh3 Nf3+ 21.Kg2 Ng5 22.Bf4 Nxh3 23.Kxh3
Ne4 24.g4 Ng5+ 25.Bxg5 hxg5 26.Ne4 Re5 27.Rad1 Rfe8 28.f3 Qd8 29.Kg2 Rxe4
30.fxe4 Bf6 31.Qa4 Qe7 32.Rde1 Qe5 33.Qb3 Kg7 34.Rh1 Qd4 35.Kf3 c4 36.Qc3 Rc8
37.Rb1 Qxc3+ 38.bxc3 Bxc3 39.Rxb7 Rc5 40.Rc1 Be5 41.Ra7 Bf4 42.Rc2 Rxa5 43.Rxc4
Ra3+ 44.Ke2 Kf6 45.e5+ Kxe5 46.Rxf7 Kxd5 47.Rfc7 Be5 48.Rc2 Ra4 49.Rd2+ Ke4
50.Rdc2 Kd5 51.Rd2+ Ke4 1/2-1/2

[Event " HL Men's 64. RUS Chmp. 2011"]
[Site "Taganrog"]
[Date "2011.06.22"]
[Round "7"]
[Board "1"]
[White "Rublevsky, Sergei"]
[Black "Fedoseev, Vladimir"]
[Result "1-0"]
[WhiteElo "2682"]
[BlackElo "2506"]
[PlyCount "57"]
[EventDate "2011.06.15"]
[EventRounds "11"]
[EventCountry "RUS"]

1.e4 c5 2.Nf3 d6 3.d4 cxd4 4.Nxd4 Nf6 5.Nc3 a6 6.Be2 e5 7.Nb3 Be7 8.O-O O-O
9.Re1 Be6 10.Bf3 Nbd7 11.a4 Qc7 12.a5 b5 13.axb6 Nxb6 14.Na5 Rfc8 15.Be3 Rab8
16.Nd5 Bxd5 17.exd5 Nc4 18.Nc6 Rxb2 19.Bc1 Rb7 20.Be2 Nb2 21.Qd2 Ne4 22.Qa5 Nc5
23.Bxa6 Ra8 24.Qxc7 Rxc7 25.Bxb2 Rxa6 26.Rxa6 Nxa6 27.Ra1 Rb7 28.Rxa6 Bf8 29.Ra8
1-0

[Event " HL Men's 64. RUS Chmp. 2011"]
[Site "Taganrog"]
[Date "2011.06.22"]
[Round "7"]
[Board "1"]
[White "Lintchevski, Daniil"]
[Black "Inarkiev, Ernesto"]
[Result "0-1"]
[WhiteElo "2543"]
[BlackElo "2679"]
[PlyCount "80"]
[EventDate "2011.06.15"]
[EventRounds "11"]
[EventCountry "RUS"]

1.e4 c5 2.Nf3 d6 3.d4 Nf6 4.Nc3 cxd4 5.Nxd4 a6 6.Be2 Nbd7 7.O-O e6 8.Be3 b5 9.a4
b4 10.Nc6 Qc7 11.Nxb4 d5 12.Nbxd5 exd5 13.Nxd5 Nxd5 14.Qxd5 Bb7 15.Bf4 Qb6
16.Qg5 Nc5 17.Bc4 Ne6 18.Qe5 Qd4 19.Bd5 Bxd5 20.exd5 Qxf4 21.Rfe1 Qxe5 22.Rxe5
Bd6 23.Re2 Kd7 24.dxe6+ fxe6 25.Rd1 Rhd8 26.Rd4 Rab8 27.c3 Rb6 28.Rh4 h6 29.Rg4
Bf8 30.h4 Rdb8 31.b4 Rc8 32.Re3 Rbc6 33.Rg6 Rd6 34.g3 Rc4 35.h5 Rdc6 36.Kg2 a5
37.bxa5 Rxa4 38.Re5 Rac4 39.f4 R4c5 40.Re3 Rxh5 0-1

[Event " HL Men's 64. RUS Chmp. 2011"]
[Site "Taganrog"]
[Date "2011.06.22"]
[Round "7"]
[Board "1"]
[White "Grachev, Boris"]
[Black "Reshetnikov, Alexey"]
[Result "1/2-1/2"]
[WhiteElo "2669"]
[BlackElo "2487"]
[PlyCount "199"]
[EventDate "2011.06.15"]
[EventRounds "11"]
[EventCountry "RUS"]

1.c4 c5 2.Nc3 Nc6 3.g3 g6 4.Bg2 Bg7 5.Nf3 e6 6.d4 cxd4 7.Nb5 d5 8.cxd5 Qa5+
9.Qd2 Qxb5 10.dxc6 Ne7 11.Nxd4 Qb6 12.Nb3 Nxc6 13.O-O O-O 14.Qc2 Nb4 15.Qc5 Qxc5
16.Nxc5 Nd5 17.Nd3 Bd7 18.Nf4 Bc6 19.Nxd5 Bxd5 20.Bxd5 exd5 21.Rd1 Rfd8 22.Kf1
Rac8 23.Bg5 f6 24.Be3 Rc2 25.Bxa7 f5 26.Bd4 Bxd4 27.Rxd4 Rxb2 28.Rc1 Rd7 29.a4
Kf7 30.Rc5 Ke6 31.e3 Rb1+ 32.Kg2 Rb6 33.h3 Rb2 34.Kf3 Rb6 35.Kg2 Rb2 36.Kf3 Rb6
37.g4 fxg4+ 38.hxg4 g5 39.Kg3 Ke5 40.Rc8 Rc6 41.Re8+ Re6 42.Rf8 Rf6 43.Rxf6 Kxf6
44.Rb4 Ke5 45.Rb6 d4 46.Rb5+ Kf6 47.exd4 Rxd4 48.Rb6+ Ke5 49.Rb5+ Kf6 50.a5 Rd3+
51.f3 Rd7 52.Rb6+ Kg7 53.Kf2 Re7 54.Rb5 Kg6 55.Kf1 Kf6 56.Kg2 Kg6 57.Kf2 Kf6
58.Rb3 Kg7 59.Kg3 Kg6 60.f4 gxf4+ 61.Kxf4 Rf7+ 62.Kg3 Kg7 63.Kh4 Kg8 64.Rb5 Rc7
65.Kg5 Rf7 66.Rf5 Rc7 67.Kh5 Rc1 68.Rg5+ Kh8 69.Rb5 Rc7 70.Kh6 Rc6+ 71.Kg5 Rc7
72.Kf6 Kg8 73.Ke6 Kf8 74.Kd6 Rg7 75.g5 Ke8 76.Rf5 Re7 77.Rf1 Rg7 78.Rf5 Re7
79.Rc5 Rd7+ 80.Ke6 Re7+ 81.Kf5 Kf7 82.Rb5 Kg7 83.Rb6 Kf7 84.Kg4 Kg7 85.Kh5 Rc7
86.Rb5 Rf7 87.Rc5 Rd7 88.Re5 Rc7 89.Rd5 Re7 90.Kg4 Rf7 91.Rd8 Rc7 92.Rb8 h6
93.gxh6+ Kxh6 94.Kf5 Rc5+ 95.Kf6 Rc6+ 96.Ke7 Ra6 97.Rxb7 Rxa5 98.Rd7 Ra6 99.Rd6+
Rxd6 100.Kxd6 1/2-1/2

[Event " HL Men's 64. RUS Chmp. 2011"]
[Site "Taganrog"]
[Date "2011.06.22"]
[Round "7"]
[Board "1"]
[White "Savchenko, Boris"]
[Black "Romanov, Evgeny"]
[Result "1-0"]
[WhiteElo "2630"]
[BlackElo "2624"]
[PlyCount "109"]
[EventDate "2011.06.15"]
[EventRounds "11"]
[EventCountry "RUS"]

1.e4 e5 2.Nf3 Nc6 3.Bb5 Nf6 4.O-O Nxe4 5.d4 Nd6 6.Bxc6 dxc6 7.dxe5 Nf5 8.Qxd8+
Kxd8 9.Rd1+ Ke8 10.Nc3 Be7 11.b3 Bd7 12.Bb2 Rd8 13.h3 h5 14.Kf1 b6 15.a4 a5
16.Ne2 c5 17.Nc3 Bc6 18.Nb5 Rxd1+ 19.Rxd1 Bd8 20.Bc1 Rg8 21.Ke2 h4 22.Bg5 Bxb5+
23.axb5 Bxg5 24.Nxg5 Nd4+ 25.Kd3 Ke7 26.c3 Nxb3 27.Kc2 a4 28.Re1 c4 29.Re4 a3
30.Rxc4 a2 31.Rxc7+ Ke8 32.Rc8+ Kd7 33.Rxg8 a1=Q 34.e6+ Ke7 35.exf7 Qa2+ 36.Kd3
Qd2+ 37.Ke4 Nc5+ 38.Kf5 Qxf2+ 39.Kg6 Qf6+ 40.Kh5 Qh6+ 41.Kg4 Nd7 42.Re8+ Kd6
43.f8=Q+ Nxf8 44.Nf7+ Kd7 45.Rd8+ Ke7 46.Nxh6 Kxd8 47.Nf5 Ne6 48.Kxh4 g6 49.Nd4
Nf4 50.g3 Nd5 51.Kg5 Nxc3 52.Kxg6 Ne4 53.Nf5 Ke8 54.h4 Kf8 55.h5 1-0

[Event " HL Men's 64. RUS Chmp. 2011"]
[Site "Taganrog"]
[Date "2011.06.22"]
[Round "7"]
[Board "1"]
[White "Sakaev, Konstantin"]
[Black "Bukavshin, Ivan"]
[Result "0-1"]
[WhiteElo "2629"]
[BlackElo "2502"]
[PlyCount "62"]
[EventDate "2011.06.15"]
[EventRounds "11"]
[EventCountry "RUS"]

1.d4 d5 2.c4 e6 3.Nc3 c6 4.e4 dxe4 5.Nxe4 Bb4+ 6.Bd2 Qxd4 7.Bxb4 Qxe4+ 8.Be2 Na6
9.Ba5 b6 10.Qd6 Bd7 11.Bc3 f6 12.Nf3 Nh6 13.Rd1 Rd8 14.Qa3 Bc8 15.Rxd8+ Kxd8
16.Qd6+ Bd7 17.Qd1 c5 18.O-O Qf4 19.g3 Qc7 20.Qd2 Nf5 21.Rd1 Kc8 22.g4 Ne7
23.Qe3 Nc6 24.g5 e5 25.gxf6 gxf6 26.Qh6 Nd4 27.Bxd4 exd4 28.Qxf6 Rg8+ 29.Kf1 Re8
30.Ke1 Nb4 31.Kd2 b5 0-1

[Event " HL Men's 64. RUS Chmp. 2011"]
[Site "Taganrog"]
[Date "2011.06.22"]
[Round "7"]
[Board "1"]
[White "Diu, Viacheslav"]
[Black "Lastin, Alexander"]
[Result "1/2-1/2"]
[WhiteElo "2475"]
[BlackElo "2617"]
[PlyCount "69"]
[EventDate "2011.06.15"]
[EventRounds "11"]
[EventCountry "RUS"]

1.e4 c5 2.Nf3 d6 3.d4 cxd4 4.Nxd4 Nf6 5.Nc3 a6 6.Bg5 Nbd7 7.Bc4 Qb6 8.Bb3 e6
9.Qd2 Be7 10.O-O-O Nc5 11.Rhe1 h6 12.Bh4 O-O 13.g3 Qc7 14.f4 b5 15.e5 dxe5
16.fxe5 Ne8 17.Bxe7 Qxe7 18.Ne4 Nxe4 19.Rxe4 Bb7 20.Rg4 Kh8 21.Rf1 Rd8 22.c3 Bd5
23.Bc2 Bc4 24.Rh4 f5 25.exf6 Nxf6 26.Re1 Qd6 27.Rxh6+ gxh6 28.Qxh6+ Kg8 29.Qg6+
Kh8 30.Qh6+ Kg8 31.Qg5+ Kh8 32.Qh4+ Kg8 33.Qg5+ Kh8 34.Qh4+ Kg8 35.Qg5+ 1/2-1/2

[Event " HL Men's 64. RUS Chmp. 2011"]
[Site "Taganrog"]
[Date "2011.06.22"]
[Round "7"]
[Board "1"]
[White "Zakhartsov, Viacheslav V"]
[Black "Grigoriants, Sergey"]
[Result "1/2-1/2"]
[WhiteElo "2578"]
[BlackElo "2562"]
[PlyCount "59"]
[EventDate "2011.06.15"]
[EventRounds "11"]
[EventCountry "RUS"]

1.d4 d5 2.c4 c6 3.Nf3 Nf6 4.Nc3 dxc4 5.a4 e6 6.e3 c5 7.Bxc4 Nc6 8.O-O cxd4
9.exd4 Be7 10.Be3 O-O 11.Ne5 Nb4 12.Qf3 Nbd5 13.Rfd1 Rb8 14.Bg5 Nxc3 15.bxc3 Nd7
16.Bf4 Nxe5 17.Bxe5 Bd6 18.Qg3 Bxe5 19.Qxe5 Bd7 20.Rd3 Qf6 21.f4 Qxe5 22.fxe5
Rbc8 23.Bb3 Rc7 24.c4 b6 25.Kf2 f6 26.exf6 Rxf6+ 27.Ke2 Rg6 28.Kf2 Rf6+ 29.Ke2
Rg6 30.Kf2 1/2-1/2

[Event " HL Men's 64. RUS Chmp. 2011"]
[Site "Taganrog"]
[Date "2011.06.22"]
[Round "7"]
[Board "1"]
[White "Shomoev, Anton"]
[Black "Mokshanov, Alexey"]
[Result "1/2-1/2"]
[WhiteElo "2566"]
[BlackElo "2393"]
[PlyCount "89"]
[EventDate "2011.06.15"]
[EventRounds "11"]
[EventCountry "RUS"]

1.d4 d5 2.c4 e6 3.Nc3 Nf6 4.cxd5 exd5 5.Bg5 Be7 6.e3 O-O 7.Bd3 Nbd7 8.Nge2 Re8
9.O-O c6 10.Qc2 Nf8 11.f3 Be6 12.Rad1 Qd7 13.Kh1 Ng6 14.Rde1 Nh5 15.Bxe7 Qxe7
16.Ng3 Nxg3+ 17.hxg3 Qf6 18.b4 a6 19.Na4 Rad8 20.Nc5 Bc8 21.Kg1 Qd6 22.Kf2 Re7
23.Rb1 Rde8 24.Rfe1 Nf8 25.a4 Qh6 26.Qd2 Nd7 27.Nxd7 Bxd7 28.b5 axb5 29.axb5 Qg5
30.Rb3 Bf5 31.Bxf5 Qxf5 32.bxc6 bxc6 33.Rc1 Re6 34.Rbc3 Qg5 35.Rxc6 Qxe3+
36.Qxe3 Rxe3 37.Rc8 Re2+ 38.Kf1 Re1+ 39.Rxe1 Rxc8 40.Re7 Rd8 41.Kf2 g6 42.g4 h6
43.f4 Kf8 44.Rc7 Re8 45.Rd7 1/2-1/2

[Event " HL Men's 64. RUS Chmp. 2011"]
[Site "Taganrog"]
[Date "2011.06.22"]
[Round "7"]
[Board "1"]
[White "Rodin, Dmitrij"]
[Black "Sitnikov, Dmitrij"]
[Result "1/2-1/2"]
[WhiteElo "2404"]
[BlackElo "2463"]
[PlyCount "80"]
[EventDate "2011.06.15"]
[EventRounds "11"]
[EventCountry "RUS"]

1.e4 c5 2.Nf3 Nc6 3.d4 cxd4 4.Nxd4 e5 5.Nb5 d6 6.c4 Be7 7.N1c3 a6 8.Na3 Nf6
9.Be2 O-O 10.Be3 Be6 11.O-O Rc8 12.Rc1 Qa5 13.Qd2 Rfd8 14.Rfd1 h6 15.Nc2 b5
16.b4 Qc7 17.cxb5 axb5 18.Bxb5 d5 19.exd5 Nxb4 20.Nxb4 Bxb4 21.Qe2 Bg4 22.f3
Bxc3 23.fxg4 Nxd5 24.Bf2 Qa5 25.a4 Qb4 26.h3 e4 27.Kh1 g5 28.Bg3 Nf4 29.Bxf4
gxf4 30.Bd7 Rc5 31.Bf5 Rxd1+ 32.Qxd1 e3 33.Rb1 Qd4 34.Qf3 Re5 35.Rb8+ Kg7 36.Qa8
Rxf5 37.gxf5 e2 38.f6+ Qxf6 39.Rg8+ Kh7 40.Re8 f3 1/2-1/2

[Event " HL Men's 64. RUS Chmp. 2011"]
[Site "Taganrog"]
[Date "2011.06.22"]
[Round "7"]
[Board "1"]
[White "Shimanov, Aleksandr"]
[Black "Yemelin, Vasily"]
[Result "1/2-1/2"]
[WhiteElo "2583"]
[BlackElo "2584"]
[PlyCount "64"]
[EventDate "2011.06.15"]
[EventRounds "11"]
[EventCountry "RUS"]

1.d4 e6 2.Nf3 Nf6 3.c4 b6 4.Nc3 Bb4 5.e3 Ne4 6.Qc2 Bb7 7.Bd3 f5 8.O-O Bxc3
9.bxc3 O-O 10.Nd2 Qh4 11.f3 Nxd2 12.Bxd2 Nc6 13.Rab1 d6 14.e4 f4 15.Be1 Qf6
16.e5 dxe5 17.Bxh7+ Kh8 18.Be4 exd4 19.Qa4 Na5 20.Bxb7 Nxb7 21.cxd4 Qxd4+ 22.Bf2
Nc5 23.Qb5 a6 24.Bxd4 axb5 25.Bxc5 bxc5 26.Rxb5 Rxa2 27.Rxc5 Rf5 28.Rxc7 Rg5
29.Rf2 Ra1+ 30.Rf1 Ra2 31.Rf2 Ra1+ 32.Rf1 Ra2 1/2-1/2

[Event " HL Men's 64. RUS Chmp. 2011"]
[Site "Taganrog"]
[Date "2011.06.22"]
[Round "7"]
[Board "1"]
[White "Musalov, Ruslan"]
[Black "Bryzgalin, Kirill"]
[Result "0-1"]
[WhiteElo "2399"]
[BlackElo "2473"]
[PlyCount "66"]
[EventDate "2011.06.15"]
[EventRounds "11"]
[EventCountry "RUS"]

1.e4 e5 2.Nf3 Nc6 3.Bb5 g6 4.d4 exd4 5.Bg5 Be7 6.Bf4 Nf6 7.e5 Nd5 8.Bh6 a6 9.Bc4
Nb6 10.Bb3 d5 11.O-O Be6 12.Nxd4 Nxd4 13.Qxd4 c5 14.Ba4+ Nxa4 15.Qxa4+ Qd7
16.Qa5 Qb5 17.Qd2 O-O-O 18.Nc3 Qc6 19.Rfe1 Rhg8 20.Bg5 Bxg5 21.Qxg5 Bf5 22.f3
Bxc2 23.Rac1 Bf5 24.Ne2 d4 25.Qe7 Kb8 26.Qxc5 d3 27.Qa5 Qe8 28.e6 dxe2 29.Qc7+
Ka8 30.exf7 Qe3+ 31.Kh1 Rgf8 32.Qc4 Rc8 33.Qb4 Qxc1 0-1

[Event " HL Men's 64. RUS Chmp. 2011"]
[Site "Taganrog"]
[Date "2011.06.22"]
[Round "7"]
[Board "1"]
[White "Mikhailov, Sergey"]
[Black "Airapetian, Gor"]
[Result "1-0"]
[WhiteElo "2399"]
[BlackElo "2460"]
[PlyCount "99"]
[EventDate "2011.06.15"]
[EventRounds "11"]
[EventCountry "RUS"]

1.d4 Nf6 2.Nf3 e6 3.Bg5 h6 4.Bh4 c5 5.e3 b6 6.c3 Bb7 7.Nbd2 Be7 8.Bd3 d6 9.Bg3
O-O 10.h3 Nc6 11.O-O Re8 12.Re1 a6 13.Rc1 b5 14.e4 Bf8 15.Nf1 cxd4 16.cxd4 Qb6
17.e5 Nd5 18.Bb1 dxe5 19.dxe5 Red8 20.Qe2 Nde7 21.Ne3 Nd4 22.Nxd4 Rxd4 23.Red1
Rc8 24.Rxc8 Rxd1+ 25.Qxd1 Bxc8 26.Qc2 g6 27.Ng4 Bb7 28.Qd2 h5 29.Nf6+ Kh8 30.Bf4
Nd5 31.Bh6 Nxf6 32.exf6 Qc6 33.f3 Qc5+ 34.Kh1 Kh7 35.Bxf8 Qxf8 36.Qd7 Bd5 37.h4
Kg8 38.b3 Qb4 39.Qc8+ Qf8 40.Qc1 Qb4 41.Qc8+ Qf8 42.Qc7 Qb4 43.Qb8+ Qf8 44.Qf4
e5 45.Qxe5 Qb4 46.Bxg6 Qxh4+ 47.Kg1 fxg6 48.Qxd5+ Kh7 49.Qe5 Kg8 50.f4 1-0

[Event " HL Men's 64. RUS Chmp. 2011"]
[Site "Taganrog"]
[Date "2011.06.23"]
[Round "8"]
[Board "1"]
[White "Sjugirov, Sanan"]
[Black "Galkin, Alexander"]
[Result "1/2-1/2"]
[WhiteElo "2629"]
[BlackElo "2598"]
[PlyCount "53"]
[EventDate "2011.06.15"]
[EventRounds "11"]
[EventCountry "RUS"]

1.e4 c5 2.Nf3 g6 3.d4 cxd4 4.Nxd4 Nc6 5.c4 Nf6 6.Nc3 Nxd4 7.Qxd4 d6 8.Be2 Bg7
9.Be3 O-O 10.Qd2 Be6 11.Rc1 Qa5 12.f3 Rfc8 13.b3 a6 14.Na4 Qxd2+ 15.Kxd2 Nd7
16.g4 f5 17.exf5 gxf5 18.h3 Rf8 19.f4 Rad8 20.Rhd1 Nf6 21.g5 Ne4+ 22.Ke1 Bd7
23.Nb6 Bc6 24.Nd5 Rd7 25.Nb6 Rdd8 26.Nd5 Rd7 27.Nb6 1/2-1/2

[Event " HL Men's 64. RUS Chmp. 2011"]
[Site "Taganrog"]
[Date "2011.06.23"]
[Round "8"]
[Board "1"]
[White "Inarkiev, Ernesto"]
[Black "Kurnosov, Igor"]
[Result "1-0"]
[WhiteElo "2679"]
[BlackElo "2633"]
[PlyCount "145"]
[EventDate "2011.06.15"]
[EventRounds "11"]
[EventCountry "RUS"]

1.d4 Nf6 2.c4 g6 3.g3 c5 4.d5 b5 5.cxb5 a6 6.bxa6 Bg7 7.Bg2 d6 8.Nc3 O-O 9.Nf3
Nbd7 10.O-O Nb6 11.Ne1 Bxa6 12.Rb1 Nc4 13.Nc2 Nd7 14.Ne4 Bb7 15.b4 Ncb6 16.bxc5
dxc5 17.Ne3 Rxa2 18.Qb3 Qa8 19.Nc3 Ra6 20.Bb2 Nf6 21.Ra1 Qb8 22.Qb5 Nbd7 23.Nc4
Bc8 24.Qxb8 Nxb8 25.Na4 Nbd7 26.e4 Bb7 27.Ra3 Rfa8 28.Rfa1 Ng4 29.Bxg7 Kxg7
30.Bf1 R6a7 31.Be2 Nge5 32.Nc3 Rxa3 33.Rxa3 Nxc4 34.Rxa8 Bxa8 35.Bxc4 f5 36.Bb5
Ne5 37.exf5 gxf5 38.f4 Nf3+ 39.Kf2 Nd4 40.Bc4 Nc2 41.Na4 Nb4 42.Nb6 Bb7 43.Ke3
Kg6 44.Kd2 Kh5 45.h3 Na6 46.Bd3 Nb4 47.Bxf5 Nxd5 48.Na4 c4 49.Nc5 c3+ 50.Ke2 Bc6
51.Bxh7 Nb4 52.Bf5 Be8 53.Ne6 Bd7 54.Ng7+ Kh6 55.Bxd7 Kxg7 56.Bf5 Kf6 57.Be4 e5
58.f5 Na6 59.h4 Nc5 60.Bc2 e4 61.g4 Ke5 62.Ke3 Nd7 63.Bxe4 Nf6 64.Bf3 Ng8 65.Kd3
Nh6 66.h5 Nxf5 67.g5 c2 68.Kd2 Ne7 69.h6 Ng6 70.Bh5 Nh8 71.g6 Nxg6 72.Bxg6 Kf6
73.Bh5 1-0

[Event " HL Men's 64. RUS Chmp. 2011"]
[Site "Taganrog"]
[Date "2011.06.23"]
[Round "8"]
[Board "1"]
[White "Najer, Evgeniy"]
[Black "Matlakov, Maxim"]
[Result "1/2-1/2"]
[WhiteElo "2643"]
[BlackElo "2632"]
[PlyCount "149"]
[EventDate "2011.06.15"]
[EventRounds "11"]
[EventCountry "RUS"]

1.e4 e5 2.Nf3 Nc6 3.d4 exd4 4.Nxd4 Bb4+ 5.c3 Bc5 6.Be3 Bb6 7.Qg4 Qf6 8.Qg3 d6
9.Nb5 Bxe3 10.fxe3 Kd8 11.Nd2 Qg6 12.Qf4 Nf6 13.h3 Be6 14.O-O-O Nd7 15.Bd3 Nce5
16.Bc2 f6 17.Kb1 Re8 18.Nd4 Qf7 19.N2b3 Kc8 20.Nxe6 Qxe6 21.Nd4 Qe7 22.Nf5 Qf8
23.Rhf1 a6 24.Qh4 g6 25.Nd4 Qe7 26.Qf2 Kb8 27.Ne2 Ka7 28.Nf4 Rac8 29.Nd5 Qg7
30.Ba4 Rf8 31.Bxd7 Nxd7 32.Qe2 Qf7 33.Rf4 Qe6 34.Qg4 Qxg4 35.hxg4 c6 36.Nb4 g5
37.Rf5 Ne5 38.Rxd6 Nxg4 39.Nd3 Rcd8 40.Rxd8 Rxd8 41.Nf2 Nxe3 42.Rxf6 Nxg2 43.e5
Re8 44.Nd3 g4 45.Rh6 Re7 46.e6 Ne3 47.Nf4 g3 48.Rh3 g2 49.Rg3 h5 50.Nxg2 Nxg2
51.Rxg2 Rxe6 52.Rh2 Rh6 53.Rh4 Kb6 54.Kc2 Kc5 55.Kd3 a5 56.a4 Kd5 57.Ke3 Re6+
58.Kd3 Rh6 59.Ke3 Rh7 60.Rd4+ Ke5 61.Rh4 Kf5 62.Kf3 Kg5 63.Re4 h4 64.Kg2 Rd7
65.b4 Rd2+ 66.Kg1 Rc2 67.bxa5 Rxc3 68.Rb4 Rc5 69.Rxb7 Rxa5 70.Rb6 Rxa4 71.Rxc6
Rf4 72.Kh2 Rf6 73.Rxf6 Kxf6 74.Kh3 Ke5 75.Kxh4 1/2-1/2

[Event " HL Men's 64. RUS Chmp. 2011"]
[Site "Taganrog"]
[Date "2011.06.23"]
[Round "8"]
[Board "1"]
[White "Lysyj, Igor"]
[Black "Potkin, Vladimir"]
[Result "1/2-1/2"]
[WhiteElo "2629"]
[BlackElo "2682"]
[PlyCount "64"]
[EventDate "2011.06.15"]
[EventRounds "11"]
[EventCountry "RUS"]

1.d4 d5 2.c4 c6 3.Nf3 Nf6 4.e3 Bg4 5.h3 Bh5 6.Nc3 e6 7.g4 Bg6 8.Ne5 Nbd7 9.Nxg6
hxg6 10.g5 Ne4 11.Nxe4 dxe4 12.Qg4 Qa5+ 13.Ke2 Be7 14.Bg2 Qxg5 15.Qxg5 Bxg5
16.Bxe4 O-O-O 17.Bg2 Bf6 18.Rb1 Rh4 19.b3 c5 20.dxc5 Nxc5 21.Bd2 Ne4 22.Be1 Nc3+
23.Bxc3 Bxc3 24.Rhd1 Rhh8 25.Rxd8+ Rxd8 26.Rd1 Rxd1 27.Kxd1 Kc7 28.Ke2 b6 29.Kd3
Be1 30.Ke2 Bc3 31.Kd3 Be1 32.Ke2 Bc3 1/2-1/2

[Event " HL Men's 64. RUS Chmp. 2011"]
[Site "Taganrog"]
[Date "2011.06.23"]
[Round "8"]
[Board "1"]
[White "Alekseev, Evgeny"]
[Black "Khairullin, Ildar"]
[Result "1/2-1/2"]
[WhiteElo "2673"]
[BlackElo "2649"]
[PlyCount "85"]
[EventDate "2011.06.15"]
[EventRounds "11"]
[EventCountry "RUS"]

1.e4 c6 2.d4 d5 3.e5 Bf5 4.h4 h5 5.c4 e6 6.Nc3 Ne7 7.Nge2 Nd7 8.Ng3 Bg6 9.a3
dxc4 10.Bxc4 Nf5 11.Nxf5 Bxf5 12.Be2 Bg6 13.Be3 Nb6 14.Qb3 Qd7 15.Rc1 Bf5 16.a4
Nd5 17.Nxd5 exd5 18.a5 a6 19.Bd2 f6 20.Bb4 Be7 21.Bxe7 Qxe7 22.exf6 gxf6 23.O-O
Kf7 24.Rfe1 Qd7 25.Rc3 Rae8 26.Re3 Bg6 27.Bd3 Rxe3 28.Bxg6+ Kxg6 29.Rxe3 Kf7
30.Qd3 Qg4 31.g3 Qd7 32.Kg2 Qg4 33.Kh2 Qd7 34.Qe2 Qd6 35.Qe1 Qd7 36.Kg2 Rg8
37.Qe2 Rh8 38.Qd3 Qg4 39.Qb3 Qd7 40.Qd1 Qf5 41.Qe2 Qd7 42.Qe1 Rg8 43.Qe2 1/2-1/2

[Event " HL Men's 64. RUS Chmp. 2011"]
[Site "Taganrog"]
[Date "2011.06.23"]
[Round "8"]
[Board "1"]
[White "Evdokimov, Alexander A"]
[Black "Grachev, Boris"]
[Result "0-1"]
[WhiteElo "2561"]
[BlackElo "2669"]
[PlyCount "108"]
[EventDate "2011.06.15"]
[EventRounds "11"]
[EventCountry "RUS"]

1.d4 d5 2.c4 c6 3.Nf3 Nf6 4.Nc3 e6 5.Bg5 Nbd7 6.e3 Qa5 7.Nd2 dxc4 8.Bxf6 Nxf6
9.Nxc4 Qc7 10.Bd3 Be7 11.O-O O-O 12.Rc1 Rd8 13.Qc2 h6 14.h3 Bd7 15.Ne4 Rac8
16.Nc5 b6 17.Nxd7 Nxd7 18.Nd2 Nb8 19.Rfd1 c5 20.Nb3 Nc6 21.dxc5 bxc5 22.Qe2 Nb4
23.Bb1 Rxd1+ 24.Qxd1 Nd5 25.Qc2 g6 26.Nd2 Bf6 27.Ne4 c4 28.a3 Bg7 29.Ba2 Qb6
30.Rb1 Qa6 31.Rc1 Qb6 32.Rb1 Qc7 33.Rc1 Qb8 34.Rb1 Nb6 35.Rd1 Rc6 36.Nd2 Qc7
37.Ne4 Nd5 38.Rc1 Nb6 39.Rd1 Kh7 40.Rc1 Qe5 41.Nc3 Rc8 42.Qe2 Rc7 43.Qc2 Nd5
44.Qe2 Nb6 45.Qc2 Qa5 46.Qe2 Nd5 47.Nb1 Rb7 48.Bxc4 Rxb2 49.Qd1 Nxe3 50.fxe3 Qg5
51.Bf1 Qxe3+ 52.Kh1 Be5 53.Rc2 Qf4 54.g3 Qe4+ 0-1

[Event " HL Men's 64. RUS Chmp. 2011"]
[Site "Taganrog"]
[Date "2011.06.23"]
[Round "8"]
[Board "1"]
[White "Reshetnikov, Alexey"]
[Black "Landa, Konstantin"]
[Result "1/2-1/2"]
[WhiteElo "2487"]
[BlackElo "2613"]
[PlyCount "65"]
[EventDate "2011.06.15"]
[EventRounds "11"]
[EventCountry "RUS"]

1.e4 c6 2.Nc3 d5 3.Qe2 d4 4.Nd1 e5 5.g3 c5 6.d3 Nc6 7.f4 Bd6 8.Bh3 Bxh3 9.Nxh3
exf4 10.gxf4 f5 11.Rg1 Qe7 12.exf5 O-O-O 13.Ndf2 Re8 14.Ne4 Nh6 15.Bd2 Nxf5
16.O-O-O c4 17.Qg4 g6 18.Nxd6+ Qxd6 19.dxc4 Qc5 20.b3 Kb8 21.Kb2 Ne3 22.Bxe3
dxe3 23.Rge1 Rhf8 24.Rd3 Nb4 25.Rd7 Qa5 26.a4 Nd3+ 27.cxd3 Qxe1 28.Rxb7+ Kxb7
29.Qd7+ Kb8 30.Qd6+ Kc8 31.Qc6+ Kb8 32.Qd6+ Kc8 33.Qc6+ 1/2-1/2

[Event " HL Men's 64. RUS Chmp. 2011"]
[Site "Taganrog"]
[Date "2011.06.23"]
[Round "8"]
[Board "1"]
[White "Kobalia, Mikhail"]
[Black "Bocharov, Dmitry"]
[Result "1-0"]
[WhiteElo "2679"]
[BlackElo "2580"]
[PlyCount "79"]
[EventDate "2011.06.15"]
[EventRounds "11"]
[EventCountry "RUS"]

1.e4 c5 2.Nf3 e6 3.d4 cxd4 4.Nxd4 a6 5.c4 Nf6 6.Nc3 Qc7 7.a3 b6 8.Be3 Bb7 9.f3
Nc6 10.b4 Ne5 11.Rc1 Be7 12.Be2 Ng6 13.Nb3 Bd6 14.Bxb6 Qxb6 15.c5 Bxc5 16.bxc5
Qd8 17.Qd6 Ne7 18.Qb6 Bc6 19.Qxd8+ Kxd8 20.Na5 Kc7 21.Kf2 Rhb8 22.Rb1 Ne8
23.Rhc1 Rxb1 24.Rxb1 d6 25.cxd6+ Nxd6 26.Rc1 Kd8 27.e5 Nb7 28.Nxc6+ Nxc6 29.f4
Kc7 30.Ne4 Nba5 31.Rc3 Kb6 32.Rg3 g6 33.Ng5 h5 34.Rd3 Ra7 35.Ne4 Ne7 36.Nd6 Rc7
37.Nxf7 Nd5 38.Nd8 Rc2 39.Nxe6 Nc3 40.Nd4 1-0

[Event " HL Men's 64. RUS Chmp. 2011"]
[Site "Taganrog"]
[Date "2011.06.23"]
[Round "8"]
[Board "1"]
[White "Vorobiov, Evgeny E"]
[Black "Sakaev, Konstantin"]
[Result "1/2-1/2"]
[WhiteElo "2570"]
[BlackElo "2629"]
[PlyCount "49"]
[EventDate "2011.06.15"]
[EventRounds "11"]
[EventCountry "RUS"]

1.d4 Nf6 2.c4 e6 3.g3 d5 4.Nf3 Bb4+ 5.Bd2 Be7 6.Bg2 O-O 7.O-O c6 8.Qc2 b6 9.Rd1
Nbd7 10.Bf4 Bb7 11.Nc3 dxc4 12.Nd2 Nd5 13.Nxc4 Nxf4 14.gxf4 Qc7 15.e3 Rad8 16.a3
c5 17.d5 exd5 18.Nxd5 Bxd5 19.Rxd5 b5 20.Ne5 Nxe5 21.Rxe5 Bd6 22.Rd5 Be7 23.Re5
Bd6 24.Rd5 Be7 25.Re5 1/2-1/2

[Event " HL Men's 64. RUS Chmp. 2011"]
[Site "Taganrog"]
[Date "2011.06.23"]
[Round "8"]
[Board "1"]
[White "Romanov, Evgeny"]
[Black "Lintchevski, Daniil"]
[Result "1/2-1/2"]
[WhiteElo "2624"]
[BlackElo "2543"]
[PlyCount "94"]
[EventDate "2011.06.15"]
[EventRounds "11"]
[EventCountry "RUS"]

1.e4 e5 2.Nf3 Nf6 3.Nxe5 d6 4.Nf3 Nxe4 5.Nc3 Nxc3 6.dxc3 Be7 7.Bf4 Nc6 8.Qd2 Bg4
9.Be2 Qd7 10.O-O-O a6 11.h3 Be6 12.Ng5 Bxg5 13.Bxg5 f6 14.Be3 O-O-O 15.b3 Rhe8
16.c4 d5 17.cxd5 Qxd5 18.Qxd5 Bxd5 19.Rhg1 Be4 20.a3 Rxd1+ 21.Bxd1 Ne7 22.Bd2
Bc6 23.g4 Ng6 24.Rg3 Nh4 25.a4 Re7 26.c4 Be4 27.Re3 Kd7 28.f3 Bc6 29.Rd3+ Kc8
30.b4 b6 31.b5 axb5 32.cxb5 Bb7 33.Rc3 Kd8 34.Bf4 Ng2 35.Bd2 g5 36.Bc2 h6
37.Rd3+ Ke8 38.Rd4 Rd7 39.Rc4 Nh4 40.f4 Bd5 41.Rc3 Re7 42.fxg5 hxg5 43.Be3 Nf3
44.Bg6+ Kd8 45.Bf5 Ke8 46.Bg6+ Kd8 47.Bf5 Ke8 1/2-1/2

[Event " HL Men's 64. RUS Chmp. 2011"]
[Site "Taganrog"]
[Date "2011.06.23"]
[Round "8"]
[Board "1"]
[White "Ponkratov, Pavel"]
[Black "Fedoseev, Vladimir"]
[Result "1/2-1/2"]
[WhiteElo "2582"]
[BlackElo "2506"]
[PlyCount "139"]
[EventDate "2011.06.15"]
[EventRounds "11"]
[EventCountry "RUS"]

1.e4 e6 2.d4 d5 3.Nc3 Bb4 4.e5 c5 5.a3 Bxc3+ 6.bxc3 Ne7 7.Qg4 Kf8 8.h4 Qc7 9.Bd2
cxd4 10.cxd4 Qxc2 11.Rc1 Qa4 12.h5 h6 13.Qf4 Nbc6 14.Ne2 Bd7 15.Rh3 Kg8 16.Rd3
Rc8 17.Nc3 Qxa3 18.Nb5 Qb2 19.Rf3 Nd8 20.Bc3 Rxc3 21.Nxc3 Qb6 22.Bd3 Qb4 23.Rg3
Nf5 24.Bxf5 exf5 25.Kf1 Nc6 26.Rb1 Qc4+ 27.Kg1 Nxd4 28.Rxb7 Be6 29.Kh2 Kh7
30.Nd1 Qa6 31.Rxf7 Bxf7 32.Qxd4 Bxh5 33.Ne3 Qe6 34.Nxd5 Rd8 35.Qxa7 Qxe5 36.f4
Qb2 37.Ne3 Rf8 38.Qc5 Qf6 39.Nd5 Qf7 40.Re3 Rd8 41.Re5 Bg4 42.Qe7 Qxe7 43.Nxe7
g6 44.Nd5 Kg7 45.Ne3 Bh5 46.Kg3 Rd2 47.Rc5 Rd3 48.Kf2 Rd4 49.Kg3 Rd7 50.Kf2 Kf7
51.Ra5 Rd2+ 52.Kg3 Be2 53.Ra7+ Kf6 54.Rb7 h5 55.Rb6+ Kg7 56.Kh4 Rd3 57.Re6 Kf7
58.Re5 Rd2 59.Kg5 Ba6 60.Ra5 Bc8 61.Ra3 Be6 62.g3 Rd7 63.Ng2 Kg7 64.Nh4 Bf7
65.Nf3 Rd1 66.Ra7 h4 67.Nxh4 Rd3 68.g4 Rg3 69.Nxf5+ gxf5 70.Kxf5 1/2-1/2